Las diócesis de España - Estadísticas

Estadísticas generales
  • Esta prueba ha sido intentada 317 veces
  • La puntuación promedio es 47 de 69
Respuestas en el mapa
Las respuestas están codificadas por una escala verde-roja en el mapa de la prueba según el % correcto abajo.
 
Estadísticas de respuestas
Diócesis % Correcto
Barcelona
91%
Madrid
91%
Cádiz y Ceuta
89%
Sevilla
88%
Valencia
88%
Málaga
87%
Tarragona
87%
Toledo
87%
Granada
86%
Ibiza
86%
Mallorca
86%
Orihuela-Alicante
86%
Almería
85%
Córdoba
85%
Zaragoza
85%
Huelva
84%
Jaén
84%
León
84%
Mérida-Badajoz
84%
Santiago de Compostela
84%
Burgos
83%
Ciudad Real
82%
Coria-Cáceres
82%
Menorca
82%
Pamplona y Tudela
82%
Segorbe–Castellón de la Plana
82%
Albacete
80%
Cuenca
80%
Lugo
80%
Oviedo
80%
Teruel y Albarracín
80%
Valladolid
80%
Bilbao
78%
Salamanca
78%
Santander
78%
Sigüenza-Guadalajara
78%
Huesca
77%
Orense
77%
Palencia
76%
Segovia
76%
Cartagena
75%
Gerona
75%
Tuy-Vigo
75%
Zamora
75%
Osma-Soria
74%
San Sebastián
74%
Ávila
73%
Lérida
70%
Vitoria
69%
Asidonia-Jerez
66%
Alcalá de Henares
56%
Mondoñedo-Ferrol
49%
Jaca
48%
Getafe
47%
Plasencia
44%
Canarias
42%
Astorga
41%
Calahorra y La Calzada-Logroño
37%
Urgel
37%
Ciudad Rodrigo
35%
Guadix
32%
Barbastro-Monzón
30%
San Cristóbal de La Laguna
30%
Tortosa
27%
Vich
24%
Tarrasa
23%
Sant Feliú de Llobregat
22%
Tarazona
21%
Solsona
16%
No se encontraron pruebas coincidentes
Distribución de puntuación
Porcentaje de gente con cada puntuación
Porcentaje por número respondido
Historial de tus puntuaciones
No has intentado esta prueba.